| 000 | 00835nam a22001697a 4500 | ||
|---|---|---|---|
| 003 | NUST | ||
| 005 | 20251008185930.0 | ||
| 020 | _a0863188079 | ||
| 082 | _a621.3,BIE | ||
| 100 |
_aBiesty's, Stephen _9131052 |
||
| 245 |
_aIncredible Cross-Sections / _bStephen Biesty's |
||
| 260 |
_aDorling Kindersley _bLondon _c1992 |
||
| 300 |
_a48 p _b18 Amazing Buildings and Machines |
||
| 505 | _aCastle (Page-4), Observatory (Page-6), Galleon (Page-8), Ocean Linear (Page-10), Submarine (Page-16), Coal Mine (Page-18), Tank (Page-20), Oil Rig (Page-22), Cathedral (Page-24), Jumbo Jet (Page-26), Car Factory (Page-28), Helicopter (Page-30), Opera House (Page-32), Steam Train (Page-34), Subway Station (Page-40), Fishing Trawler (Page-42), Empire State (Page-44), Space Shuttle (Page-46). | ||
| 650 |
_aIncredible _9131053 |
||
| 942 |
_2ddc _cBK |
||
| 999 |
_c615129 _d615129 |
||